000 00433nam a22001577a 4500
999 _c11437
_d11437
003 OSt
008 220716b ||||| |||| 00| 0 eng d
020 _a9789384323318
082 _a615.19 LAF
100 _aLAUSTER,Colleen Doherty
245 _aFundamental skills for patient care in Pharmacy Practice
260 _aNew Delhi
_bJones & Bartett Learning
_c2017
300 _a345
650 _aPharmacy Practice
942 _2ddc
_cBK
_01